Mass media in a changing world : (Record no. 2826)

000 -LEADER
fixed length control field 01283cam a22003014a 4500
001 - CONTROL NUMBER
control field 13658614
003 - CONTROL NUMBER IDENTIFIER
control field OSt
005 - DATE AND TIME OF LATEST TRANSACTION
control field 20180117085950.0
008 - FIXED-LENGTH DATA ELEMENTS--GENERAL INFORMATION
fixed length control field 040719s2006 nyua b 001 0 eng
010 ## - LIBRARY OF CONGRESS CONTROL NUMBER
LC control number 2004055979
020 ## - INTERNATIONAL STANDARD BOOK NUMBER
International Standard Book Number 0072957115 (softcover : alk. paper)
040 ## - CATALOGING SOURCE
Original cataloging agency DLC
Transcribing agency DLC
Modifying agency DLC
042 ## - AUTHENTICATION CODE
Authentication code pcc
050 00 - LIBRARY OF CONGRESS CALL NUMBER
Classification number P90
Item number .R596 2006
082 00 - DEWEY DECIMAL CLASSIFICATION NUMBER
Classification number 302.23
Edition number 22
100 1# - MAIN ENTRY--PERSONAL NAME
Personal name Rodman, George R.,
Dates associated with a name 1948-
245 10 - TITLE STATEMENT
Title Mass media in a changing world :
Remainder of title history, industry, controversy /
Statement of responsibility, etc. George Rodman.
250 ## - EDITION STATEMENT
Edition statement 1st ed.
260 ## - PUBLICATION, DISTRIBUTION, ETC.
Place of publication, distribution, etc. New York :
Name of publisher, distributor, etc. McGraw-Hill,
Date of publication, distribution, etc. c2006.
300 ## - PHYSICAL DESCRIPTION
Extent xxviii, 593 p. :
Other physical details ill. (some col.) ;
Dimensions 28 cm. +
Accompanying material 1 CD-Rom (4 3/4 in.)
504 ## - BIBLIOGRAPHY, ETC. NOTE
Bibliography, etc. note Includes bibliographical references and index.
650 #0 - SUBJECT ADDED ENTRY--TOPICAL TERM
Topical term or geographic name entry element Mass media.
906 ## - LOCAL DATA ELEMENT F, LDF (RLIN)
a 7
b cbc
c orignew
d 1
e ocip
f 20
g y-gencatlg
942 ## - ADDED ENTRY ELEMENTS (KOHA)
Source of classification or shelving scheme
Koha item type Book
Holdings
Withdrawn status Lost status Source of classification or shelving scheme Damaged status Not for loan Collection code Permanent Location Current Location Shelving location Date acquired Total Checkouts Full call number Barcode Date last seen Price effective from Koha item type Date last checked out
            Central Library (CL) Central Library (CL) General Stacks 03/21/2016   302.23 RAD S3H-N-169 04/22/2021 03/21/2016 Book  
            Central Library (CL) Central Library (CL) General Stacks 03/21/2016 1 302.23 RAD S3H-N-170 12/09/2020 03/21/2016 Book 10/03/2018
© 2023 Central Library, National University of Sciences and Technology. All Rights Reserved.